Campos gravitatorio, eléctrico y magnético
Gorde:
| Egile nagusia: | |
|---|---|
| Beste egile batzuk: | |
| Formatua: | Liburua |
| Hizkuntza: | gaztelania |
| Argitaratua: |
Madrid
McGraw-Hill
1999
|
| Edizioa: | 1a. ed |
| Saila: | Física 2§ Bachillerato. Cuaderno de Actividades, 5
|
| Gaiak: | |
| Etiketak: |
Etiketa erantsi
Etiketarik gabe, Izan zaitez lehena erregistro honi etiketa jartzen!
|
MARC
| LEADER | 00000nam a2200000 a 4500 | ||
|---|---|---|---|
| 001 | UCG0478 | ||
| 003 | CL-VaPUC | ||
| 008 | 100325e19990000SP |||||||||||||||||spa|d | ||
| 020 | |a 8448122879 | ||
| 082 | 0 | 4 | |a 530.14 |b PEÑ |2 21 |
| 100 | 0 | |a Peña Sainz, Angel |e author |9 547907 | |
| 700 | |a García Pérez, José Antonio |c Teniente Coronel |9 547908 | ||
| 245 | 1 | 0 | |a Campos gravitatorio, eléctrico y magnético |
| 250 | |a 1a. ed | ||
| 300 | |a 55 p | ||
| 942 | |c BK | ||
| 945 | |d 20100325 00:00:00 |a cmena | ||
| 260 | |a Madrid |b McGraw-Hill |c 1999 | ||
| 650 | 0 | |a Física |9 227844 | |
| 650 | 7 | |a CAMPOS GRAVITATORIOS |2 CL-VaPUC |9 370980 | |
| 650 | 7 | |a CAMPOS ELECTRICOS |2 CL-VaPUC |9 547909 | |
| 650 | 7 | |a CAMPOS MAGNETICOS |2 CL-VaPUC |9 547910 | |
| 650 | 0 | |a Problemas, ejercicios, etc |9 259377 | |
| 583 | |a last modification |c 20121217 09:18:53 |k Rodrigo Vera | ||
| 490 | 0 | |a Física 2§ Bachillerato. Cuaderno de Actividades, 5 | |
| 999 | |c 340100 |d 340098 | ||
| 952 | |0 0 |1 0 |4 0 |6 530_140000000000000_PEÑ_1999 |7 0 |8 A |9 434607 |a BIBCUR |b BIBCUR |d 2019-11-22 |i 3548511 |l 2 |o 530.14 PEÑ 1999 |p 3548511 |r 2025-04-22 |s 2024-04-15 |w 2019-11-22 |y BK |k FIS | ||